Persépolis
Saved in:
| Hovedforfatter: | |
|---|---|
| Format: | Bog |
| Sprog: | spansk |
| Udgivet: |
Barcelona
Norma
2017
|
| Udgivelse: | 6a. ed |
| Fag: | |
| Tags: |
Tilføj Tag
Ingen Tags, Vær først til at tagge denne postø!
|
MARC
| LEADER | 00000cam a2200000 a 4500 | ||
|---|---|---|---|
| 001 | UCC7335 | ||
| 003 | CL-VaPUC | ||
| 008 | 190322e20170000sp |||||||||||||||||spa|d | ||
| 020 | |a 9788467916560 | ||
| 082 | 0 | 4 | |a 741.590955 |b SAT |2 21 |
| 100 | 0 | |a Satrapi, Marjane |e author |9 601905 | |
| 245 | 1 | 0 | |a Persépolis |
| 250 | |a 6a. ed | ||
| 300 | |a 366 p | ||
| 942 | |c BK | ||
| 945 | |d 20190322 14:57:00 |a dcastane | ||
| 260 | |a Barcelona |b Norma |c 2017 | ||
| 650 | 0 | |a Literatura islámica |9 433595 | |
| 650 | 0 | |a Derechos humanos |9 223025 | |
| 650 | 0 | |a Cómics |9 369534 | |
| 651 | 7 | |a IRAN |2 CL-VaPUC |9 314095 | |
| 583 | |a last modification |c 20190322 14:57:00 |k Rodrigo Vera | ||
| 999 | |c 374005 |d 374003 | ||
| 952 | |0 0 |1 0 |2 ddc |3 erb |4 0 |6 741_590955000000000_SAT_2017 |7 0 |8 R |9 492354 |a BIBEDU |b BIBEDU |c MCIRC |i 5537606 |l 18 |m 4 |o 741.590955 SAT 2017 |p 5537606 |r 2025-03-20 |s 2025-03-20 |w 2019-11-24 |y BK_R |z Catalogado en:20190322 |k LIT | ||